A modern method for guitar: volumes 1, 2, 3 complete
Saved in:
| Main Author: | |
|---|---|
| Format: | Book |
| Language: | English |
| Published: |
Boston
Berklee Press
1999
|
| Edition: | 1a. ed |
| Subjects: | |
| Tags: |
Add Tag
No Tags, Be the first to tag this record!
|
MARC
| LEADER | 00000cam a2200000 a 4500 | ||
|---|---|---|---|
| 001 | UCC7121 | ||
| 003 | CL-VaPUC | ||
| 008 | 190304e19990000us |||||||||||||||||eng|d | ||
| 082 | 0 | 4 | |a 787.87 |b LEA |2 21 |
| 100 | 0 | |a Leavitt, William |e author |9 601614 | |
| 245 | 1 | 2 | |a A modern method for guitar: volumes 1, 2, 3 complete |
| 250 | |a 1a. ed | ||
| 300 | |a pág. irreg | ||
| 942 | |c BK | ||
| 945 | |d 20190304 12:48:00 |a dcastane | ||
| 260 | |a Boston |b Berklee Press |c 1999 | ||
| 650 | 0 | |a Música para guitarra |9 362109 | |
| 650 | 7 | |a EJERCICIOS MUSICALES |2 CL-VaPUC |9 459948 | |
| 650 | 0 | |a Partituras |9 324008 | |
| 583 | |a last modification |c 20190304 12:48:00 |k Rodrigo Vera | ||
| 999 | |c 373855 |d 373853 | ||
| 952 | |0 0 |1 0 |2 ddc |3 erb |4 0 |6 787_870000000000000_LEA_1999 |7 0 |8 A |9 492102 |a BIBEDU |b BIBEDU |i 5534097 |l 3 |o 787.87 LEA 1999 |p 5534097 |r 2024-10-16 |s 2024-10-10 |w 2019-11-24 |y BK |z Catalogado en:20190304 |k MUS | ||